|
|
|
|
| LEADER |
00000nab a2200000uu 4500 |
| 001 |
vtls011513819 |
| 003 |
SK-MaSNL |
| 005 |
20260303213746.0 |
| 008 |
230704|1972 xo |||||||||||||||||slo| |
| 015 |
|
|
|a SNBRB
|
| 035 |
|
|
|a (urnnbn)urn:nbn:sk:snk:ar-001er4
|
| 035 |
|
|
|a (uuid)af9e4b87-3e3e-492b-8a72-3a0bca688be3
|
| 035 |
|
|
|a urn:nbn:sk:snk-abe3u2
|
| 040 |
|
|
|a SNKBUCL
|b slo
|c SNKBUCL
|e AACR2
|
| 041 |
0 |
|
|a slo
|
| 044 |
|
|
|a xo
|c SK
|
| 100 |
1 |
|
|a Bartko, Michal,
|d 1923-2008
|4 aut
|9 131593
|
| 245 |
1 |
0 |
|a Nox et solitudo
|c Michal Bartko
|
| 600 |
1 |
7 |
|a Krasko, Ivan,
|d 1876-1958
|t Nox et solitudo
|2 SNK
|9 101499
|
| 650 |
0 |
7 |
|a literárna tvorba
|2 SNKPH
|9 4226
|
| 655 |
|
7 |
|a štúdie
|2 SNKPH
|9 57033
|
| 773 |
0 |
|
|t Slovenské pohľady
|g Roč. 88, č. 8 (1972), s. 135-143
|
| 850 |
|
|
|a Slovenská národná knižnica
|
| 852 |
|
|
|a Slovenská národná knižnica
|
| 954 |
|
|
|a odborná, vedecká literatúra pôvodná (slovenská)
|2 lita
|
| 958 |
|
|
|a OND
|
| 958 |
|
|
|a EUIPO
|
| 958 |
|
|
|a article21
|
| 999 |
|
|
|c 2213739
|d 2215669
|